Iglesia y sociedad civil La contribucin̤ del derecho cann̤ico /

Detalles Bibliográficos
Autor principal: Ruano Espina, Lourdes
Otros Autores: Peą, Carmen
Formato: eBook
Lenguaje:español
Publicado: Madrid: Dykinson, 2022
Materias:
Acceso en línea:Acceso restringido

MARC

LEADER 00000nam a22000007a 4500
005 20220728154810.0
007 cr|||| ||||
008 220728s2022 es |||||s|||| 00||0 spa d
020 |a 978-84-1122-172-6 
035 |a 36483 
040 |a vLex 
090 |c 13650  |d 13650 
100 1 |a Ruano Espina, Lourdes 
245 1 0 |a Iglesia y sociedad civil  |h [Recurso electrn̤ico] :  |b La contribucin̤ del derecho cann̤ico /  |c Lourdes Ruano Espina, Carmen Peą 
256 |a Servicio en ln̕ea 
260 |a Madrid:  |b Dykinson,  |c 2022 
300 |a 1 recurso electrn̤ico 
500 |a Las relaciones entre la Iglesia y la sociedad civil, as ̕como diversas manifestaciones jurd̕ico-cann̤icas de la vida y actuacin̤ eclesial constituyen el objeto de este volumen, en el que se recogen las 40 Jornadas de Actualidad Cann̤ica de la Asociacin̤ Espaǫla de Canonistas. En el libro, en el que han participado destacados expertos en Derecho Cann̤ico y Derecho Eclesis̀tico del Estado, acadm̌icos, investigadores, jueces eclesis̀ticos y operadores cann̤icos, se abordan cuestiones actuales que plantea la realidad social, jurd̕ica y eclesial, como la responsabilidad penal y civil de las personas jurd̕icas y los titulares de oficios eclesis̀ticos, las novedades en la regulacin̤ de los casos de abusos de menores, el papel de los abogados en los procesos cann̤icos, los supuestos conflictivos de administracin̤ de sacramentos a personas LGTBI, el balance de los 40 aǫs de vigencia de los Acuerdos Iglesia-Estado, o la experiencia del servicio de acompaąmiento y mediacin̤ intrajudicial cann̤ica en el tribunal eclesis̀tico. Se incluyen tambiň estudios sobre las Novedades que han tenido lugar el l︢timo aǫ en Derecho cann̤ico y en Derecho eclesis̀tico del Estado, tanto en el m̀bito normativo como jurisprudencial. Cierra el volumen una contribucin̤ del Sr. Obispo Secretario de la Conferencia Episcopal Espaǫla, D. Luis Argüello, sobre la Iglesia espaǫla en la sociedad civil. 
506 1 |a Disponible solo en los productos indicados  |d vLex Global  |d vLex Global (Academic Edition, excluding Law Schools)  |d vLex Global (U.S. Academic Edition, Law Schools)  |d vLex Global (U.S. Academic Edition, excluding Law Schools)  |d vLex Global (Academic Edition, Law Schools) 
650 0 4 |a Derecho Militar  |z Espaą 
650 0 4 |a Filosofa̕ y religin̤  |z Espaą 
700 1 |a Peą, Carmen 
740 0 |a vLex Libros (Servicio en ln̕ea) 
856 4 0 |u https://app.vlex.com/#/sources/36483  |z Acceso restringido 
942 |c BOOK 
999 0 |a Military Law 
999 0 |a Philosophy and religion